Les Enfoirés 2015 : Toutes les chansons - Statistiques

Statistiques générales
  • Ce quiz a été pris 17 fois
  • Le résultat moyen est 11 sur 15
Statistiques - réponses
Hint Réponse % Correct
1) Je t'aimais, je t'aime et je t'aimerai
100%
15) La chanson des Restos
89%
11) Lady Lay
89%
3) Mademoiselle chante le blues
89%
14) Toute la vie
89%
10) Vienne
89%
6) Ca ira mon amour
67%
9) L'amour à la machine
67%
7) L'aziza
67%
4) Le soldat
67%
2) Sur ma route
67%
8) Dernière danse
56%
13) Happy
56%
5) L'amour existe encore
56%
12) Trois nuits par semaine
56%
Aucun quiz correspondant
Distribution des résultats
% des personnes avec chaque résultat
Percentile par nombre de réponses
Votre historique - résultats
Vous n’avez pas pris ce quiz